000 00895nam a2200277Ia 4500
008 130821s1978 mx gr spa
020 _a9682311691
040 _aCo-BoUCM
_bspa
041 _aspa
100 1 _aBarthes, Roland
_d1915-1980
_984529
245 1 3 _aEl placer del texto
_cRoland Barthes ;traducción de Nicolas Rosa.
250 _a2a. ed
260 _aMéxico D.F. (México)
_bSiglo XXI
_c1978
300 _a85 páginas
650 0 4 _aCrítica literaria
_912204
650 0 4 _aFilosofía de la literatura
_915765
650 0 4 _aLingüística
_918563
650 0 4 _aLiteratura
_918599
650 0 4 _aRetorica
_98060
650 0 4 _aSemiología (Lingüística)
_924180
650 0 4 _aSemiótica y literatura
_924190
650 0 4 _aTeoría lingüística
_9440
700 1 _aRosa, Nicolas
_etrad.
_9155650
942 _cLIBRO
_a12
_e2
_mB28p
_2DEWEY
_h801
999 _c9231
_d9231